| 000 | 00956nam a22002537a 4500 | ||
|---|---|---|---|
| 999 |
_c1385 _d1385 |
||
| 003 | AR-CdUCM | ||
| 008 | 190226b ||||| |||| 00| 0 spa d | ||
| 040 |
_aMUNICIPALIDAD PROVINCIAL DEL CUSCO _cBIBLIOTECA MUNICIPAL DEL CUSCO |
||
| 041 | _hfre | ||
| 082 |
_23ed. _a759.5021 / _bB488 |
||
| 100 |
_aBerence, Fred _95275 |
||
| 245 | _aLeonardo de Vinci : obrero de la inteligencia / | ||
| 260 |
_aMéxico, D.F : _bExportadora de Publicaciones Mexicanas, _c1954. |
||
| 300 |
_a337 paginas ; _b1 imagen. _c22 cm. |
||
| 505 | _aLeonardo el aprendiz -- Segunda infancia de Leonardo -- En la corte de Ludovico el Moro -- La cena -- Por sierras y por valles... | ||
| 650 |
_aProporción armonica _95276 |
||
| 650 |
_aIlusión _95277 |
||
| 650 |
_aFlorencia _95278 |
||
| 650 |
_aVirgen de las rocas _95279 |
||
| 650 |
_aLa pintura es universal _95280 |
||
| 700 |
_aNelken, Margarita (Traducción) _95281 |
||
| 942 |
_2ddc _cLIBROS |
||
| 945 |
_awnts _d2019-02-26 |
||